[Event "Amsterdam Science Park op-A 2nd"]
[White "Van Zetten, Maarten"]
[Black "Diaz Herrero, Alvaro"]
[Site "Amsterdam"]
[Round "6"]
[Result "1-0"]
[Date "2012.07.19"]
[WhiteElo "2027"]
[BlackElo "2137"]
[PlyCount "43"]
[EventDate "2012.07.14"]
[EventType "swiss"]
[EventRounds "9"]
[EventCountry "NED"]
[SourceTitle "CBM 149 Extra"]
[Source "ChessBase"]
[SourceDate "2012.08.24"]
[SourceVersion "1"]
[SourceVersionDate "2012.08.24"]
[SourceQuality "1"]

1. d4 Nf6 2. Nf3 e6 3. Bf4 c5 4. c3 b6 5. e3 Be7 6. Nbd2 Bb7 7. Bd3 Nh5 8. Bg3 cxd4 9. exd4 d6 10. Qe2 Nd7 11. Be4 Nxg3 12. hxg3 Bxe4 13. Nxe4 0-0 14. g4 Re8 15. Qd3 Nf8 16. 0-0-0 b5 17. Qxb5 d5 18. Ned2 Rb8 19. Qd3 Qa5 20. Kb1 Rec8 21. Nb3 Rc6 22. Nxa5 1-0

[Event "Amsterdam Science Park op-A 2nd"]
[White "Farrand, Julian"]
[Black "Van Zetten, Maarten"]
[Site "Amsterdam"]
[Round "3"]
[Result "1/2-1/2"]
[Date "2012.07.16"]
[WhiteElo "2116"]
[BlackElo "2027"]
[PlyCount "51"]
[EventDate "2012.07.14"]
[EventType "swiss"]
[EventRounds "9"]
[EventCountry "NED"]
[SourceTitle "CBM 149 Extra"]
[Source "ChessBase"]
[SourceDate "2012.08.24"]
[SourceVersion "1"]
[SourceVersionDate "2012.08.24"]
[SourceQuality "1"]

1. d4 d5 2. Nc3 e6 3. e4 Nf6 4. Bg5 Be7 5. e5 Nfd7 6. Bxe7 Qxe7 7. Qg4 0-0 8. Bd3 f5 9. exf6 Nxf6 10. Qh4 g6 11. Nf3 Nc6 12. 0-0-0 Nh5 13. Qxe7 Nxe7 14. Rhe1 a6 15. Rd2 Nc6 16. Bf1 Bd7 17. Ne5 Nxe5 18. Rxe5 Rf5 19. Re1 Rf7 20. g3 g5 21. Re5 h6 22. h4 Nxg3 23. Bd3 Nh1 24. hxg5 Nxf2 25. Bg6 Rg7 26. Rxf2 1/2-1/2

[Event "Amsterdam Science Park op-A 2nd"]
[White "Van Zetten, Maarten"]
[Black "Hungaski, Robert Andrew"]
[Site "Amsterdam"]
[Round "1"]
[Result "0-1"]
[Date "2012.07.14"]
[WhiteElo "2027"]
[BlackElo "2488"]
[PlyCount "68"]
[EventDate "2012.07.14"]
[EventType "swiss"]
[EventRounds "9"]
[EventCountry "NED"]
[SourceTitle "CBM 149 Extra"]
[Source "ChessBase"]
[SourceDate "2012.08.24"]
[SourceVersion "1"]
[SourceVersionDate "2012.08.24"]
[SourceQuality "1"]

1. d4 Nf6 2. Nf3 e6 3. c4 Bb4+ 4. Bd2 a5 5. g3 d6 6. Bg2 Nbd7 7. 0-0 e5 8. Nc3 0-0 9. a3 Bxc3 10. Bxc3 exd4 11. Bxd4 a4 12. Re1 Re8 13. Qc2 Ne4 14. Nd2 Nec5 15. Bxc5 Nxc5 16. Ne4 Bf5 17. f3 Bxe4 18. fxe4 Qg5 19. e3 Re5 20. Rad1 Rae8 21. Rd5 h5 22. Rxc5 dxc5 23. Qxa4 h4 24. gxh4 Qxh4 25. Rf1 Rd8 26. Qc2 Rd6 27. Qe2 Rh5 28. Bf3 Qg5+ 29. Kh1 Rh3 30. e5 Qxe5 31. Bd5 Rdh6 32. Bxf7+ Kh8 33. Rf2 Rxe3 34. Qg4 Re1+ 0-1

[Event "NED-ch U21"]
[White "Smith, Thijmen"]
[Black "Van Zetten, Maarten"]
[Site "Venlo"]
[Round "2"]
[Result "1/2-1/2"]
[Date "2009.04.25"]
[WhiteElo "1955"]
[BlackElo "1984"]
[PlyCount "49"]
[EventDate "2009.04.24"]
[EventType "tourn"]
[EventRounds "9"]
[EventCountry "NED"]
[SourceTitle "CBM 130 Extra"]
[Source "ChessBase"]
[SourceDate "2009.07.02"]
[SourceVersion "2"]
[SourceVersionDate "2009.07.15"]
[SourceQuality "1"]

1. e4 c5 2. Nf3 e6 3. d4 cxd4 4. Nxd4 a6 5. Nc3 Qc7 6. Qf3 Nf6 7. Bg5 Be7 8. 0-0-0 Nc6 9. Nb3 b5 10. Bf4 e5 11. Bg5 b4 12. Bxf6 bxc3 13. Bxg7 cxb2+ 14. Kb1 Rg8 15. Bh6 d6 16. Bc4 Be6 17. Bxe6 fxe6 18. Qc3 a5 19. a4 Rc8 20. Qxb2 Rxg2 21. Rhg1 Rxf2 22. Rg8+ Kf7 23. Rg7+ Ke8 24. Rg8+ Kf7 25. Rg7+ 1/2-1/2

[Event "Groningen Compact op-A"]
[White "Schipper, Rijk"]
[Black "Van Zetten, Maarten"]
[Site "Groningen"]
[Round "2"]
[Result "1-0"]
[Date "2008.12.27"]
[WhiteElo "2143"]
[BlackElo "1965"]
[PlyCount "103"]
[EventDate "2008.12.26"]
[EventType "swiss"]
[EventRounds "5"]
[EventCountry "NED"]
[SourceTitle "CBM 127 Extra"]
[Source "ChessBase"]
[SourceDate "2009.01.08"]
[SourceVersion "2"]
[SourceVersionDate "2009.01.28"]
[SourceQuality "1"]

1. d4 d5 2. Nf3 Nf6 3. g3 c6 4. Bg2 Bf5 5. 0-0 h6 6. c4 e6 7. Nc3 Nbd7 8. cxd5 exd5 9. Ne5 Be7 10. f3 Bh7 11. Bf4 Nh5 12. Be3 Nhf6 13. Bf2 0-0 14. Nd3 Nb6 15. b3 Ne8 16. Qd2 Nd6 17. Nc5 Nd7 18. Rad1 a6 19. a4 Bg5 20. e3 Nxc5 21. dxc5 Nf5 22. f4 Be7 23. e4 dxe4 24. Nxe4 Re8 25. Qb4 Qc7 26. Qc4 Rad8 27. Bf3 Kf8 28. Bh5 g6 29. Bg4 Ng7 30. Nd6 Bg8 31. Nxe8 Rxe8 32. Qc3 f5 33. Bf3 Ne6 34. b4 Kf7 35. Rfe1 Bf6 36. Qd3 Re7 37. Qd6 Qc8 38. Be2 Nc7 39. Bc4+ Nd5 40. Bxd5+ cxd5 41. Rxe7+ Bxe7 42. Qxd5+ Kf8 43. Qd7 Qc6 44. Qxc6 bxc6 45. Rd7 Bb3 46. b5 axb5 47. axb5 cxb5 48. Rb7 Ke8 49. Rxb5 Bc4 50. Rb6 g5 51. Rxh6 gxf4 52. gxf4 1-0

[Event "Twente Young Master op-A"]
[White "Van Zetten, Maarten"]
[Black "Stoffers, Jeffrey"]
[Site "Twente"]
[Round "8"]
[Result "1-0"]
[Date "2007.08.10"]
[WhiteElo "1942"]
[BlackElo "1811"]
[PlyCount "82"]
[EventDate "2007.08.06"]
[EventType "swiss"]
[EventRounds "9"]
[EventCountry "NED"]
[SourceTitle "EXT 2008"]
[Source "ChessBase"]
[SourceDate "2007.11.25"]
[SourceVersion "1"]
[SourceVersionDate "2007.11.25"]
[SourceQuality "1"]

1. e4 c5 2. Nf3 d6 3. d4 cxd4 4. Nxd4 Nf6 5. Nc3 g6 6. Be3 Nc6 7. f3 Bg7 8. Bc4 0-0 9. Qd2 Bd7 10. 0-0-0 Qa5 11. Kb1 Rfc8 12. Bb3 Ne5 13. Nd5 Qxd2 14. Bxd2 Kf8 15. Rhe1 h6 16. Nxf6 exf6 17. Bb4 Nc4 18. Ne2 Be6 19. Nf4 a5 20. Bxd6+ Kg8 21. Nxe6 fxe6 22. Rd4 b5 23. a4 e5 24. Bxc4+ Rxc4 25. Rxc4 bxc4 26. Rd1 Rd8 27. Kc1 h5 28. c3 Bh6+ 29. Kc2 Rc8 30. Rd5 Rd8 31. Bc7 Rxd5 32. exd5 Kf7 33. Bxa5 f5 34. b3 cxb3+ 35. Kxb3 Be3 36. Bc7 Kf6 37. a5 g5 38. Bb6 Bxb6 39. axb6 h4 40. b7 g4 41. b8Q h3 1-0

[Event "Twente Young Master op-A"]
[White "Kerkhof, Michel"]
[Black "Van Zetten, Maarten"]
[Site "Twente"]
[Round "6"]
[Result "1/2-1/2"]
[Date "2007.08.09"]
[WhiteElo "1700"]
[BlackElo "1942"]
[PlyCount "79"]
[EventDate "2007.08.06"]
[EventType "swiss"]
[EventRounds "9"]
[EventCountry "NED"]
[SourceTitle "EXT 2008"]
[Source "ChessBase"]
[SourceDate "2007.11.25"]
[SourceVersion "1"]
[SourceVersionDate "2007.11.25"]
[SourceQuality "1"]

1. e4 c5 2. Nf3 d6 3. d4 cxd4 4. Nxd4 Nf6 5. Nc3 a6 6. Bg5 e6 7. f4 Qb6 8. Qd2 Nbd7 9. Nb3 Qc7 10. Bd3 b5 11. f5 e5 12. a3 Bb7 13. Qe2 Be7 14. g4 Nxe4 15. Bxe4 Bxg5 16. h4 Be7 17. g5 Nb6 18. Na5 d5 19. Nxb7 Qxb7 20. Nxd5 Nxd5 21. 0-0-0 0-0-0 22. Qf3 Qb6 23. Rxd5 h6 24. Qc3+ Qc7 25. Qxc7+ Kxc7 26. Rxe5 Bd6 27. Rd5 Rhe8 28. Bf3 Bf4+ 29. Kb1 hxg5 30. hxg5 Bxg5 31. Rhd1 Rxd5 32. Rxd5 Re3 33. Rc5+ Kd6 34. Rc6+ Ke5 35. Bh5 Kxf5 36. Bxf7 a5 37. Bg6+ Kf4 38. Rc5 Re5 39. Rxe5 Kxe5 40. Bd3 1/2-1/2

[Event "Twente Young Master op-A"]
[White "Van Zetten, Maarten"]
[Black "Snijders, Jasper"]
[Site "Twente"]
[Round "5"]
[Result "0-1"]
[Date "2007.08.08"]
[WhiteElo "1942"]
[BlackElo "1821"]
[PlyCount "64"]
[EventDate "2007.08.06"]
[EventType "swiss"]
[EventRounds "9"]
[EventCountry "NED"]
[SourceTitle "EXT 2008"]
[Source "ChessBase"]
[SourceDate "2007.11.25"]
[SourceVersion "1"]
[SourceVersionDate "2007.11.25"]
[SourceQuality "1"]

1. d4 Nf6 2. c4 c5 3. Nf3 e6 4. Nc3 d5 5. Bg5 cxd4 6. Nxd4 Be7 7. cxd5 Nxd5 8. Bd2 0-0 9. e4 Nb4 10. Be3 N8c6 11. Rc1 e5 12. Nxc6 Nxc6 13. Bd3 Qa5 14. 0-0 Rd8 15. Qe2 Be6 16. Rfd1 Nd4 17. Qf1 Rac8 18. f3 Bb4 19. Qf2 Bxc3 20. bxc3 Rxc3 21. Rb1 Qxa2 22. Qh4 f6 23. Rxb7 Rxd3 24. Rxd3 Qa6 25. Rxg7+ Kxg7 26. Bg5 Bg8 27. Rd2 Rd6 28. Be3 Bc4 29. Qg4+ Kh8 30. Bh6 Qa1+ 31. Kf2 Qf1+ 32. Kg3 Qe1+ 0-1